000 00797nam a2200241Ia 4500
003 BUBTL
008 151213s9999 xx 000 0 und d
041 _aEnglish
082 _a297.57/ Ah52i/ 1994
100 _aAhmed, Nur
_95868
245 _aIslam & ITS Holy Prophet As Judged by The Non - Muslim World/
_cNur Ahmed, K M A Rab
250 _a1st ed
260 _aDhaka :
_bIslamic Foundation Bangladesh
_cc1994
300 _a[xvi], 522 p. :
_bill. ; 21 cm.
505 _aIslam & ITS Holy Prophet As Judged by The Non - Muslim World, Nur Ahmed, K M A Rab
526 _aAll Program
650 _aReference
650 _aReligion
_95869
700 _aNur Ahmed, K M A. Rab
_95870
856 _k0
_l0
_yDownload
942 _2ddc
_cBK
999 _c2146
_d2146